[Event "EICC 2017"]
[Site "Minsk"]
[Date "2017.06.06"]
[Round "7"]
[White "Andreikin, Dmitry"]
[Black "Kantans, Toms"]
[Result "1-0"]
[WhiteElo "2723"]
[BlackElo "2473"]
[Annotator "TA"]
[PlyCount "73"]
[EventDate "2017.??.??"]
[EventCountry "BLR"]
[SourceTitle "playchess.com"]
[Source "ChessBase"]
[SourceQuality "1"]

{[%evp 22,73,39,44,48,35,65,30,39,45,47,45,59,58,65,69,93,88,91,64,135,136,230,195,223,200,203,170,179,179,164,186,186,184,181,172,169,191,215,246,850,843,973,1000,989,935,1607,1470,1402,1254,2311,2313,1901,1688]} 1. d4 Nf6 2. Bg5 Ne4 3. Bf4 c5 4. f3 Qa5+ 5. c3 Nf6 6. d5 Qb6 7. Bc1 d6 {A45: Trompowsky Attack} 8. e4 g6 9. c4 (9. Na3 Bg7 10. Nc4 Qd8 11. a4 O-O 12. Ne2 b6 13. Nf4 Ba6 14. Bd3 Nbd7 15. O-O Bxc4 16. Bxc4 {½-½ (42) Romanov,E (2642)-Gabrielian,A (2520) Kolomna 2016}) 9... Bg7 10. Ne2 O-O 11. Nec3 e6 12. Be2 {LiveBook: 7 Games} exd5 13. cxd5 Nbd7 {[#]} 14. Na3 $146 ({Predecessor:} 14. O-O Qc7 15. a4 b6 16. Na3 a6 17. Be3 {1-0 (37) Laznicka,V (2525)-Konopka,M (2489) Brno 2006}) 14... Qd8 15. Bg5 h6 16. Be3 Re8 17. Qd2 h5 18. O-O Ne5 19. Bg5 $36 {[%mdl 2048] Keeping Black busy.} a6 20. f4 $1 {[%cal Rf4e5]} Neg4 (20... Ned7 $1 $14) 21. Bxg4 $16 hxg4 {[#]} (21... Bxg4 $16 22. Rae1 b5) 22. Rae1 $1 $18 b5 23. e5 {[%cal Be4e5,Be5f6][%mdl 32]} b4 24. exf6 bxc3 25. Qxc3 Bf8 26. Nc4 Bf5 27. Rxe8 Qxe8 28. Re1 Qb5 29. Re7 Rd8 {[#]} 30. b3 $1 Bb1 $2 (30... a5 31. Qxa5 Qxa5 32. Nxa5 Ra8) 31. Qe1 {White is clearly winning.} Bf5 32. Qh4 Qb4 33. Re3 Qb7 34. Bh6 Qxd5 35. Bxf8 {White threatens Qh6 and mate.} Qd1+ 36. Kf2 {Threatening mate with Qh6.} g3+ 37. Kxg3 {Precision: White = 97%, Black = 39%.} 1-0

[Event "EICC 2017"]
[Site "Minsk"]
[Date "2017.06.06"]
[Round "7"]
[White "Kryvoruchko, Yuriy"]
[Black "Sychev, Klementy"]
[Result "1/2-1/2"]
[WhiteElo "2714"]
[BlackElo "2459"]
[Annotator "TA"]
[PlyCount "65"]
[EventDate "2017.??.??"]
[EventCountry "BLR"]
[SourceTitle "playchess.com"]
[Source "ChessBase"]
[SourceQuality "1"]

{[%evp 20,65,48,48,60,65,52,0,0,-22,-22,-34,-16,-22,-47,-123,-28,-97,-90,-244,-197,-237,-215,-211,-131,-240,0,-399,-226,-267,-267,-211,0,0,0,0,0,0,0,0,0,0,0,0,0,0,0,0]} 1. e4 {[%cal Be2e4,Be4e5][%mdl 32]} e6 2. d4 d5 3. Nc3 Nf6 4. e5 Nfd7 5. f4 c5 6. Nf3 Nc6 7. Be3 Be7 8. Qd2 O-O 9. dxc5 Qa5 {C11: French: Classical System: 4 e5 and 4 Bg5 dxe4} (9... Nxc5 10. O-O-O a6 11. h4 Qc7 12. Bxc5 Bxc5 13. Bd3 f5 14. exf6 Rxf6 15. g3 h6 16. Qe2 Bd7 17. h5 {1-0 (55) Harikrishna,P (2762)-Shirov,A (2679) Austria 2016}) 10. O-O-O b6 11. Bb5 {LiveBook: 10 Games} Nb4 {White is slightly better.} 12. a3 bxc5 {[%cal Bb6c5,Bc5b4][%mdl 32]} 13. Bxd7 (13. axb4 cxb4 14. Na4 Qxb5 $17) (13. Kb1 $14) 13... Bxd7 $11 14. axb4 (14. f5 $5) 14... cxb4 15. Nb1 Rfc8 {[#]} 16. Nd4 $146 ({Predecessor:} 16. Rdf1 Qa2 17. f5 exf5 {0-1 (25) Saric,I (2609)-Martinovic,S (2551) Valpovo 2017}) 16... Qa2 17. f5 (17. Qd3 $15) 17... exf5 (17... Ba4 $1 $17 {...Bc5 is the strong threat.} 18. fxe6 fxe6) 18. Rhf1 (18. Qd3 $11 Bc5 19. Rhf1) 18... a5 $1 $17 {White must now prevent ...a4.} 19. Qf2 $2 (19. Nxf5 $17 Bxf5 20. Rxf5) 19... a4 $1 $19 {[%cal Ra4a3] And now ...a3 would win.} 20. Nxf5 Bxf5 21. Qxf5 {[#]} a3 $1 22. Bd4 {[#]} Qc4 $2 (22... b3 $1 $19 23. Rd2 (23. Qxf7+ $2 Kh8 $19) (23. Nxa3 Bxa3 24. Rf2 Rxc2+ 25. Rxc2 bxc2 $19) 23... bxc2 24. Rxc2 Bg5+ 25. Qxg5 axb2+ 26. Bxb2 Rxc2+ 27. Kxc2 Qc4+ 28. Nc3 Qxf1) 23. Rf2 $2 {[%mdl 8192]} (23. Qxf7+ $2 Kh8 $19) (23. Nxa3 $1 $11 bxa3 24. b3) 23... a2 (23... Bc5 $142 24. b3 (24. Qxf7+ $2 Kh8 $19) 24... Qxd4 25. Rxd4 (25. Qxf7+ $2 Kh8 $19) 25... Bxd4 26. Nxa3 (26. Qxf7+ $2 Kh8 $19) 26... bxa3) 24. Qxf7+ Kh8 25. Qxe7 a1=Q $2 (25... b3 $19 {[%cal Rc4c2] ( -> ...Qxc2+!)} 26. c3 Re8) 26. e6 $1 $11 {[%csl Gd4][%cal Re7g7] The position is equal.} Rg8 {[#]} 27. Bxg7+ $1 {[%mdl 512]} Rxg7 28. Rf8+ Rxf8 29. Qxf8+ Rg8 30. Qf6+ Rg7 31. e7 {[%cal Re7e8]} Qa8 32. Qf8+ Rg8 33. Qf6+ {Precision: White = 48%, Black = 56%.} 1/2-1/2

[Event "EICC 2017"]
[Site "Minsk"]
[Date "2017.06.06"]
[Round "7"]
[White "Jobava, Baadur"]
[Black "Ter-Sahakyan, Samvel"]
[Result "1-0"]
[WhiteElo "2713"]
[BlackElo "2598"]
[Annotator "TA"]
[PlyCount "55"]
[EventDate "2017.??.??"]
[EventCountry "BLR"]
[SourceTitle "playchess.com"]
[Source "ChessBase"]
[SourceQuality "1"]

{[%evp 14,55,0,-18,-18,-18,-16,-27,-9,-15,-2,-8,5,0,0,0,0,0,0,0,0,0,0,0,38,37,36,52,95,99,91,89,172,103,264,262,245,252,239,184,493,494,530,528]} 1. b3 e5 2. Bb2 Nc6 3. e3 Nf6 4. h3 (4. Bb5 Bd6 5. Na3 e4 6. Nc4 Be7 7. Bxc6 bxc6 8. Ne2 O-O 9. O-O a5 10. d3 a4 11. Ng3 d5 12. Ne5 Qe8 13. dxe4 Nxe4 {½-½ (30) Rapport,R (2702)-Karjakin,S (2785) Wijk aan Zee 2017}) 4... d5 5. Bb5 Bd6 6. Nf3 {A01: Nimzowitsch-Larsen Opening} Qe7 7. d4 exd4 8. Qxd4 {LiveBook: 4 Games. The position is equal.} O-O 9. Bxc6 bxc6 10. Nbd2 Re8 $146 ({Predecessor:} 10... Bf5 11. O-O-O Ba3 {1-0 (45) Li,R (2557)-Ludwig,J (2377) Las Vegas 2016}) 11. O-O a5 {[%cal Ba7a5,Ba5a4][%mdl 32]} 12. c4 Bf5 13. Rfd1 a4 14. Rac1 {[#] Strongly threatening c5.} c5 15. Qh4 c6 16. Bxf6 Qxf6 17. Qxf6 gxf6 18. bxa4 (18. e4 {is interesting.} dxe4 19. Nxe4 Bxe4 20. Rxd6 axb3 21. axb3 Re6 22. Rcd1) 18... Be6 19. Nb3 Rxa4 20. cxd5 Bxd5 21. Nxc5 Rxa2 22. Nd4 Bg3 (22... Be7 $16) 23. Nd3 (23. fxg3 $18 Rxg2+ 24. Kf1 Rxg3 25. Nd7) 23... Bh4 $2 {[#]} (23... Bd6 $16) 24. Nf5 $1 $18 {[%cal Rf5h4]} (24. Nxc6 $6 Be4 $16) 24... Bb3 25. Rf1 ({Don't play} 25. Nxh4 Bxd1 26. Rxd1 Rd8) 25... Bg5 26. f4 ({Much less strong is} 26. Rxc6 $6 Be6) 26... Rd8 $2 (26... Bc2) 27. Nb4 (27. fxg5 Rxd3 28. Rxc6 Be6 $16) 27... Rb2 {With the idea ...Rdd2.} 28. Nxc6 {Precision: White = 74%, Black = 33%.} ({Less strong is} 28. fxg5 Rdd2 $16) 1-0

[Event "EICC 2017"]
[Site "Minsk"]
[Date "2017.06.06"]
[Round "7"]
[White "Leko, Peter"]
[Black "Sedlak, Nikola"]
[Result "1-0"]
[WhiteElo "2703"]
[BlackElo "2543"]
[Annotator "TA"]
[PlyCount "159"]
[EventDate "2017.??.??"]
[EventCountry "BLR"]
[SourceTitle "playchess.com"]
[Source "ChessBase"]
[SourceQuality "1"]

{[%evp 26,159,14,16,17,-12,-14,-17,-20,-31,16,-7,16,16,12,10,21,13,14,9,14,0,17,10,15,6,37,18,31,33,33,32,29,30,31,11,11,10,11,16,13,20,26,0,0,0,9,25,18,0,0,0,12,14,60,52,56,41,76,73,77,77,77,79,79,72,81,78,79,85,215,231,319,100,112,0,296,270,458,457,12836,12836,12833,58,33,0,12837,12837,12837,12838,12838,12839,12839,12839,12840,0,12835,12834,12839,0,12831,0,12839,0,12840,12840,12841,12841,12841,12842,12842,12843,12843,12843,12844,12845,12845,12843,12843,12843,12844,0,12832,0,12844,12844,12845,12844,12845,12844,12845,0,12845,12845,12845,12846]} 1. e4 e6 2. d4 d5 3. Nc3 Nf6 4. e5 Nfd7 5. f4 c5 6. Nf3 Nc6 7. Be3 cxd4 8. Nxd4 Bc5 9. Qd2 O-O 10. O-O-O a6 11. Qf2 {C11: French: Classical System: 4 e5 and 4 Bg5 dxe4} Nxd4 (11... Bxd4 12. Bxd4 b5 13. Be3 Qa5 14. Kb1 b4 15. Ne2 Qc7 16. Nd4 Nxd4 17. Bxd4 a5 18. Bb5 a4 19. b3 Ba6 20. Bxa4 Rfc8 {1-0 (74) So,W (2808)-Holt,C (2567) chess.com INT 2017}) 12. Bxd4 Bxd4 13. Qxd4 b5 14. Bd3 {LiveBook: 15 Games} Rb8 {[#]} 15. Rhf1 $146 ({Predecessor:} 15. Kb1 Qc7 16. h4 b4 17. Ne2 a5 18. h5 a4 {1-0 (47) Quesada Perez,Y (2630)-Peralta,F (2574) chess.com INT 2017}) 15... b4 16. Ne2 Qc7 17. Rf3 $1 Qc5 18. Re3 Re8 19. g4 a5 20. h4 a4 21. Qxc5 Nxc5 22. Nd4 Ba6 23. Kd2 Rbc8 24. Ree1 Rc7 25. Ke3 f6 26. Kd2 Bc4 27. b3 axb3 28. axb3 Bxd3 29. cxd3 Ra8 30. Ra1 Rca7 $1 {[%cal Ra7a1]} 31. Rxa7 Rxa7 $11 {[%mdl 4096] Endgame KRN-KRN} 32. Rc1 fxe5 33. fxe5 Nd7 34. Rc8+ Kf7 35. Nc6 Ra3 36. Rc7 Ke8 37. Rc8+ Kf7 38. Rc7 Ke8 39. Nd4 Nxe5 40. Rxg7 h6 41. Ke3 Nf7 42. Nxe6 {Black must now prevent Rg8+.} Rxb3 43. Kd4 Rb1 44. Rg8+ $1 Kd7 45. Kxd5 {Rb8 is the strong threat.} b3 46. Nc5+ Ke7 47. Rb8 Rg1 (47... b2 $16) 48. Rb7+ $18 Ke8 49. Nd7 $2 (49. Nxb3 Rxg4 50. Rb8+ Nd8 $16) (49. Ne4 $18 {is more deadly.}) 49... Rf1 50. Nc5 $2 (50. Ne5 $1 $16) 50... Rg1 51. Ne4 ({Less strong is} 51. Nxb3 Rxg4 52. Rb8+ Nd8 $16) 51... Kf8 $2 (51... Rh1 52. Rb8+ (52. Rxb3 Rxh4 53. Nf6+ Ke7 $18) 52... Ke7) 52. Rxb3 Rxg4 (52... Nd8 $142 53. Nf6 Kg7) 53. Rb8+ $1 Ke7 54. Rb7+ $2 ({Only move:} 54. Re8+ $1 $18 Kxe8 55. Nf6+ Ke7 56. Nxg4) 54... Kf8 $14 55. Rb8+ $2 {[%mdl 8192]} (55. h5 $14 Rh4 56. Nf6) 55... Ke7 $1 $18 56. Re8+ $1 Kxe8 57. Nf6+ Ke7 58. Nxg4 {KN-KN} h5 59. Ne3 $1 {[%cal Re3c4]} Kf6 60. Ke4 $2 (60. d4 $18 {Threatens to win with Kc5.} Nh6 61. Ke4) 60... Nd6+ $2 {[%mdl 8192]} (60... Ke6 $11) 61. Kf4 Nf7 62. Ke4 Nd6+ 63. Kf4 Nf7 $1 64. d4 $2 (64. Nd5+ $1 $18 Ke6 65. Nc3) 64... Ke6 $2 {[%mdl 8192]} (64... Nd6 $11) 65. d5+ $1 Kf6 {[#]} 66. Nc4 $1 {[%cal Rc4d2]} Nh6 67. Nd6 Kg6 68. Ke5 Ng4+ 69. Ke6 Nf2 70. Nc4 Ne4 71. d6 {[%cal Bd5d6,Bd6d7][%mdl 32]} Nc5+ 72. Kd5 Nb7 73. Ke6 Nc5+ $1 74. Kd5 Nb7 75. d7 Kf6 {[#]} 76. Na5 $1 {[%mdl 512]} Nd8 (76... Nxa5 77. d8=Q+) 77. Nc6 Nb7 {[#]} 78. Na5 $1 {[%mdl 512]} Nd8 {[#] intending ...Ke7.} (78... Nxa5 79. d8=Q+) 79. Kd6 $1 Nf7+ 80. Kc7 {Precision: White = 54%, Black = 58%.} 1-0

[Event "EICC 2017"]
[Site "Minsk"]
[Date "2017.06.06"]
[Round "7"]
[White "Rodshtein, Maxim"]
[Black "Salgado Lopez, Ivan"]
[Result "1/2-1/2"]
[WhiteElo "2698"]
[BlackElo "2627"]
[Annotator "TA"]
[PlyCount "35"]
[EventDate "2017.??.??"]
[EventCountry "BLR"]
[SourceTitle "playchess.com"]
[Source "ChessBase"]
[SourceQuality "1"]

{[%evp 12,35,32,27,26,16,14,11,16,7,12,11,6,9,6,0,2,6,18,12,9,0,0,-16,0,0]} 1. d4 Nf6 2. c4 g6 3. Nc3 d5 4. cxd5 Nxd5 5. e4 Nxc3 6. bxc3 Bg7 7. Qa4+ Qd7 {D85: Exchange Grünfeld: Unusual White 7th moves and lines with 7 Nf3} 8. Bb5 c6 {The position is equal.} 9. Bd3 O-O 10. Ne2 c5 11. Qxd7 Bxd7 $146 ({Predecessor:} 11... Nxd7 12. Ba3 b6 13. Rb1 Rd8 14. O-O Bb7 15. Rfd1 {½-½ (59) Fedoseev,V (2659)-Grischuk,A (2774) Baku 2015}) 12. Rb1 b6 13. Be3 Nc6 14. O-O Rfd8 15. Rfd1 Na5 16. Ba6 Bc8 17. Bb5 Bd7 18. Bxd7 {Precision: White = 52%, Black = 48%.} 1/2-1/2

[Event "EICC 2017"]
[Site "Minsk"]
[Date "2017.06.06"]
[Round "7"]
[White "Tomashevsky, Evgeny"]
[Black "Saric, Ivan"]
[Result "1/2-1/2"]
[WhiteElo "2696"]
[BlackElo "2618"]
[Annotator "TA"]
[PlyCount "79"]
[EventDate "2017.??.??"]
[EventCountry "BLR"]
[SourceTitle "playchess.com"]
[Source "ChessBase"]
[SourceQuality "1"]

{[%evp 23,79,27,44,25,25,30,27,24,43,32,26,27,25,12,11,14,13,0,0,-10,0,0,66,55,51,63,59,24,17,41,61,59,72,64,56,54,50,52,71,85,69,73,97,66,39,49,59,56,98,100,84,18,18,0,0,0,0,0]} 1. d4 Nf6 2. c4 g6 3. Nc3 Bg7 4. e4 d6 5. Nf3 O-O 6. h3 e5 7. d5 a5 8. g4 Na6 9. Be3 Nd7 {E90: King's Indian: Classical: Early deviations and 6 h3} 10. a3 Nb6 11. Rg1 Bd7 12. h4 Nc5 {LiveBook: 6 Games} 13. b3 (13. Bxc5 $5 dxc5 14. Be2 $11) 13... Kh8 {[#]} 14. a4 $146 ({Predecessor:} 14. g5 f6 15. Be2 fxg5 16. Nxg5 h6 17. Nf3 {1-0 (42) Rodshtein,M (2687)-Saric,I (2668) Baku 2016}) 14... c6 15. dxc6 Bxc6 16. Bd3 Nbd7 17. Bc2 Nf6 {[%cal Rc5e4]} 18. Bxc5 dxc5 19. Qxd8 Raxd8 20. Ke2 Bd7 21. Nh2 Bc8 22. Nd5 Nxd5 (22... Nd7 $11) 23. cxd5 $14 f5 24. gxf5 gxf5 25. Nf3 fxe4 26. Bxe4 Rf4 27. Nd2 $1 b6 28. f3 Bb7 29. Rad1 Ba6+ 30. Nc4 b5 31. axb5 Bxb5 32. Kd3 Rxh4 33. Rh1 Rxh1 34. Rxh1 h6 35. Kc3 a4 36. bxa4 Bxa4 {[#]} 37. Ne3 (37. Na5 $1 $16) 37... Bd7 $11 {The position is equal.} 38. Ng4 Bxg4 39. fxg4 Kg8 40. Kc4 {Precision: White = 68%, Black = 72%.} 1/2-1/2

[Event "EICC 2017"]
[Site "Minsk"]
[Date "2017.06.06"]
[Round "7"]
[White "Duda, Jan-Krzysztof"]
[Black "Lopez Martinez, Josep Manuel"]
[Result "1-0"]
[WhiteElo "2693"]
[BlackElo "2597"]
[Annotator "TA"]
[PlyCount "135"]
[EventDate "2017.??.??"]
[EventCountry "BLR"]
[SourceTitle "playchess.com"]
[Source "ChessBase"]
[SourceQuality "1"]

{[%evp 19,134,13,22,22,23,25,25,15,27,30,24,22,18,14,27,30,38,39,52,20,41,43,40,40,42,25,35,31,47,46,50,35,45,42,36,0,12,-8,-11,-30,-22,-31,-42,-43,-47,-75,-29,-37,-14,-14,0,-14,0,-19,0,-5,0,0,0,0,0,0,6,-152,-157,-312,-312,-308,-308,-310,-309,-310,-310,-308,-308,-301,-301,-292,-301,-293,-287,-250,-25,-25,-25,-44,-48,-71,0,0,0,-195,-197,-196,0,-203,-195,-192,-79,-55,0,0,0,0,968,684,627,619,1399,12830,12842,12842,12844,12844,12845,12845,29999]} 1. e4 e6 2. d4 d5 3. Nd2 h6 (3... dxe4 4. Nxe4 Nd7 5. Nf3 Ngf6 6. Bd3 c5 7. O-O Nxe4 8. Bxe4 Nf6 9. Bg5 cxd4 10. Qe2 Qb6 11. Rad1 Nxe4 12. Qxe4 f6 13. Bc1 Bc5 14. Nxd4 e5 15. Nb3 Be7 16. Be3 Qc6 17. Qxc6+ bxc6 {½-½ (54) Karjakin,S (2783)-Meier,G (2630) chess.com INT 2017}) 4. c3 c5 5. exd5 exd5 6. Ngf3 {C03: French Tarrasch: Unusual Black 3rd moves} Nf6 7. Bb5+ Bd7 8. Qe2+ Be7 9. dxc5 O-O 10. Nb3 Re8 {LiveBook: 3 Games} 11. Be3 a6 $146 12. Bd3 Ba4 13. Nfd4 Nbd7 14. O-O Bxb3 15. axb3 {Threatens to win with c6.} Bxc5 16. Qd1 Qc7 17. Re1 Bd6 18. g3 Ne5 19. Be2 Rad8 20. Kg2 Qd7 21. Nf3 Nc6 22. Bf1 Qc7 23. Nd4 Ne5 24. f3 Bc5 25. Bf2 Bb6 26. Qd2 Nc6 27. Rec1 Bxd4 28. cxd4 Qb6 29. Rc3 Re7 30. Be2 Ne8 31. Bd1 Nc7 32. Rac1 Rde8 33. Rc5 a5 34. f4 f5 35. h4 Nb4 36. Bf3 (36. Bh5 $5 {[%cal Rc5c7]} Ra8 37. Qd1 $11) 36... Kh8 37. h5 (37. Bh5 $5 {[%cal Rc5c7]} g6 38. Bf3 $11) 37... Nb5 (37... Ne6 $5 {[%cal Re6c5]}) 38. Bxd5 {Black must now prevent Bf3.} Nxd5 39. Rxd5 Re2 40. Qd3 Nd6 41. Rc2 $2 {[#]} (41. Re5 $11 Rxb2 42. Rxe8+ Nxe8 43. Qxf5 Qxd4 44. Qf8+ Kh7 45. Qf5+ Kh8 46. Qf8+ Kh7 47. Qf5+ Kh8) 41... R8e3 $1 $17 {[%mdl 512]} 42. Qxe2 $2 (42. Rxd6 $17 Qxd6 43. Rc8+ Re8 44. Rxe8+ Rxe8 45. Qxf5) (42. Qxe3 Rxe3) 42... Rxe2 $19 43. Rxe2 Qc6 44. Ree5 Kh7 45. Kg1 b6 46. Rxd6 Qxd6 {[%mdl 4096] Endgame KQ-KRB} 47. d5 Qb4 48. Re2 b5 ({Don't play} 48... Qxb3 49. Rd2 $17) 49. Kf1 Qxb3 50. Rd2 Qc4+ $2 ({Better is} 50... Qb4 $1 $19 {[%cal Rb4d2]} 51. Rd4 Qd6) 51. Ke1 $1 $11 Qe4+ 52. Kd1 Qf3+ 53. Kc1 $1 b4 (53... Qxh5 $17 54. d6 Qh1+ 55. Kc2 Qc6+ 56. Kd1 Qd7) 54. d6 b3 {Strongly threatening ...Qh1+.} 55. Be1 $2 (55. Bd4 $1 $11 {and White is okay.}) 55... Qh1 56. Kd1 Qxh5+ $2 {[#]} ({Black should play} 56... a4 $1 $19 57. d7 Qf3+ 58. Kc1 Qc6+ 59. Kd1 a3 $1 {[%mdl 512]} 60. bxa3 (60. d8=Q $2 Qf3+ 61. Kc1 Qc6+ 62. Kd1 Qf3+ 63. Kc1 Qc6+ 64. Kd1 $19) 60... b2 61. Rxb2 Qxd7+ 62. Kc2 Qa4+ 63. Rb3 Qe4+ 64. Kd2 Qg2+ 65. Kc3 Qg1) 57. Re2 $2 {[#]} (57. g4 $1 $11 {[%mdl 512] and White stays safe.} Qxg4+ (57... fxg4 58. d7) 58. Kc1 Qxf4 59. d7) 57... Qf7 $1 $19 {...a4 is the strong threat.} 58. Bc3 Qd5+ (58... Qd7 $19 {has better winning chances.} 59. Be5 a4) 59. Rd2 $17 Qh1+ (59... Qb5 $1 $15 60. Ke1 Qd7 61. Bxa5 Kg6) 60. Ke2 $11 Qg2+ 61. Ke3 Qxg3+ $2 {[%mdl 8192]} (61... Qg1+ $11 62. Kf3 Qh1+ 63. Kf2 Qh2+ 64. Kf3 Qh1+ 65. Kf2 Qh2+ 66. Kf3 Qh1+) 62. Kd4 $18 Qxf4+ 63. Kc5 a4 64. d7 Qe3+ 65. Kb5 a3 66. d8=Q a2 67. Qd7 {[%csl Gc3][%cal Rd7g7]} Qxd2 68. Qxg7# {Precision: White = 56%, Black = 51%.} 1-0

[Event "EICC 2017"]
[Site "Minsk"]
[Date "2017.06.06"]
[Round "7"]
[White "Fedoseev, Vladimir"]
[Black "Sivuk, Vitaly"]
[Result "1-0"]
[WhiteElo "2690"]
[BlackElo "2520"]
[Annotator "TA"]
[PlyCount "122"]
[EventDate "2017.??.??"]
[EventCountry "BLR"]
[SourceTitle "playchess.com"]
[Source "ChessBase"]
[SourceQuality "1"]

{[%evp 10,122,13,8,8,11,14,0,13,8,32,19,18,24,38,37,26,0,0,-11,0,-19,-9,-25,-29,-26,-22,-29,-15,-15,-12,-17,-17,-36,-16,-45,0,-1,31,0,18,0,49,41,40,0,55,58,41,39,272,275,365,352,362,362,332,331,438,367,403,312,310,291,280,263,286,287,289,289,285,286,286,285,282,282,282,282,279,279,313,312,336,333,468,446,480,480,480,464,356,313,369,323,517,508,375,306,300,301,809,809,711,742,1050,1032,941,883,1102,1087,1046,1018,1163,814,29987]} 1. e4 e5 2. Nf3 Nc6 3. Bc4 Bc5 4. c3 Nf6 5. d3 O-O 6. Nbd2 {[%cal Bb1d2,Bd2f1,Bf1g3][%mdl 32]} a5 {C54: Giuoco Piano: 4 c3 Nf6, main lines with 5 d4 and 5 d3} 7. O-O d6 8. h3 h6 {The position is equal.} 9. Re1 Re8 (9... Be6 10. Bxe6 fxe6 11. Nf1 a4 12. Be3 Bxe3 13. Rxe3 d5 14. Re1 Nd7 15. d4 exd4 16. cxd4 {½-½ (30) Jakovenko,D (2709)-Adams,M (2751) Sharjah 2017}) 10. Nf1 Bb6 11. Ng3 Be6 12. Bb5 Bd7 13. d4 a4 $146 ({Predecessor:} 13... exd4 14. cxd4 d5 15. e5 Nh7 16. Bd3 {1-0 (27) Krysztofiak,M (2320)-Kosmowski,P (2170) Krynica 2003}) 14. Bxc6 Bxc6 15. Qc2 exd4 16. cxd4 d5 {[%cal Rd5e4]} 17. e5 Ne4 18. Be3 Nxg3 19. fxg3 Bb5 20. g4 Re6 21. g5 h5 (21... Rc6 $5 {[%cal Rc6c2]} 22. Qf5 h5 $15) 22. g4 hxg4 (22... Rc6 $5 {[%cal Rc6c2]} 23. Qg2 hxg4 24. Qxg4 Qe8 $17) 23. hxg4 g6 24. Qh2 Kf8 25. Nh4 {[%cal Bf3h4,Bh4g2,Bg2f4][%mdl 32]} Ke7 26. Ng2 $1 c5 27. dxc5 d4 (27... Ba5 $11) 28. cxb6 $14 dxe3 29. Nf4 Qd2 $2 {[#]} (29... e2 $1 $14) 30. Nxe6 $18 Qxh2+ 31. Kxh2 Kxe6 32. Rxe3 {[%mdl 4096] Endgame KRR-KRB} Rd8 33. Rg1 Bc6 34. Re2 Rd4 35. Kg3 Rd3+ 36. Kf2 Rf3+ 37. Ke1 Rf4 38. Kd2 Bd5 39. a3 Rd4+ 40. Kc3 Rc4+ 41. Kd3 Rc6 {Threatening ...Bc4+.} 42. Rf2 Kxe5 43. Re1+ Kd6 44. Re8 Bc4+ 45. Ke4 Bd5+ 46. Kf4 Kd7 (46... Rc5 $142 47. Ke3 Be6) 47. Ra8 Bb3 48. Rd2+ Ke7 49. Rd4 Rxb6 50. Ra7 Ke6 51. Rb4 Rc6 $2 {[#]} (51... Rxb4+ 52. axb4 b5) 52. Raxb7 Rc2 53. Kg3 Kd6 54. R4b6+ Kd5 $2 (54... Kc5 55. Rb5+ Kd6 56. R7b6+ Kc7) 55. Rxf7 {White is clearly winning.} Rxb2 56. Rxg6 Ra2 57. Rf5+ Ke4 58. Ra6 Rxa3 59. Kh4 Ra1 60. g6 a3 61. Rb5 Kf4 {Precision: White = 73%, Black = 44%.} 1-0

[Event "EICC 2017"]
[Site "Minsk"]
[Date "2017.06.06"]
[Round "7"]
[White "Cheparinov, Ivan"]
[Black "Fridman, Daniel"]
[Result "1/2-1/2"]
[WhiteElo "2688"]
[BlackElo "2605"]
[Annotator "TA"]
[PlyCount "91"]
[EventDate "2017.??.??"]
[EventCountry "BLR"]
[SourceTitle "playchess.com"]
[Source "ChessBase"]
[SourceQuality "1"]

{[%evp 25,91,28,29,38,43,0,0,-2,-10,-4,18,22,10,10,29,29,31,17,37,15,28,23,33,0,0,0,3,-23,0,0,51,54,63,52,289,283,304,298,294,289,281,251,210,122,132,139,266,77,99,98,120,0,29,0,0,0,0,0,0,0,0,0,0,0,0,0,0,0]} 1. e4 e5 2. Nf3 Nf6 3. Nxe5 d6 4. Nf3 Nxe4 5. d4 d5 6. Bd3 Nc6 7. O-O Bg4 8. c4 Nf6 9. Nc3 Be7 10. cxd5 Nxd5 11. Re1 O-O 12. h3 Be6 13. a3 Re8 {LiveBook: 3 Games. C42: Petroff Defence: 3 Nxe5 and unusual White 3rd moves} 14. Qc2 h6 $1 {[#]} 15. Rxe6 $146 ({Predecessor:} 15. Be3 Qd7 16. Nxd5 Bxd5 17. Ne5 Qd6 18. Bf5 Bf6 19. Nxc6 bxc6 20. Bd3 a5 21. Rac1 a4 22. Bc4 Be4 23. Bd3 Bd5 24. Bc4 Be4 25. Bd3 Bd5 {½-½ (25) Sandipan,C (2558)-Le,Q (2591) Subic Bay 2009}) 15... fxe6 16. Qe2 Bd6 17. Bg6 (17. Bc2 {looks sharper.} Qf6 18. Qe4 Kf8 19. Bd2 Qf7 20. Ba4) 17... Qd7 (17... Re7 {with more complications.} 18. Bd2 Bf4 19. Be1 Qf8 20. Rd1 Bd6) 18. Bxe8 Rxe8 19. Bd2 Nf6 20. Qb5 Nd8 21. Qb3 Qf7 22. Qa4 a6 23. Re1 Nc6 24. Ne5 (24. Qb3 $5 {[%cal Rb3b7]}) 24... Bxe5 $1 25. dxe5 Nd7 26. Qb3 b5 (26... Nc5 $5 {[%cal Rc5b3]} 27. Qc2 Qf5 $11) 27. Ne4 Ncxe5 (27... Ndxe5 $11 28. Qg3 Ng6) 28. Qg3 $36 {[%mdl 2048] White has some pressure.} Nc4 29. Bxh6 Nxb2 $2 ({Black should play} 29... e5 $14) 30. Re3 $1 $18 {[%cal Re3f3] aiming for Rf3.} Re7 31. Bg5 ({Don't take} 31. Rf3 Qe8 $16) 31... Nc4 32. Rf3 Qg6 33. Bxe7 Qxe4 34. Bg5 ({Weaker is} 34. Qxc7 Nd2 $11) (34. Bb4 $1 $18 c5 35. Rd3) 34... Nde5 $16 35. Rc3 c5 {[#]} (35... Kh7 $16 36. Be3 c6) 36. Kh2 $2 (36. Bf6 $1 $18 {[%csl Gf6][%cal Rg3g7]} Ng6 37. Bg5) 36... Kh7 37. Rc1 Nd3 {[#]} 38. Rc3 ({Better is} 38. Rd1 $1 $16 {[%cal Rd1d3]} Ncb2 39. Rd2) 38... Ncb2 39. Bc1 Nxc1 {The position is equal.} 40. Rxc1 $11 {[%mdl 4096] Endgame KQR-KQN} Nd3 41. Rc2 e5 42. Qg5 c4 43. Qh5+ Kg8 44. Qe8+ Kh7 {White must now prevent ...Nf4.} 45. Qh5+ Kg8 {Strongly threatening ...Nf4.} 46. Qe8+ {Precision: White = 55%, Black = 55%.} 1/2-1/2